WWII Plane Quiz - Statistics

General Stats
  • This quiz has been taken 8 times
    5 since last reset
  • The average score is 11 of 16
Answer Stats
Picture Answer % Correct
B-17
100%
Corsair
100%
P-38
100%
Spitfire
100%
Zero
100%
BF 109
80%
Catalina
80%
Hellcat
80%
P-40
80%
Mustang
60%
Stuka
60%
Dauntless
40%
Fw 190
40%
Yak 5
40%
Fairy Swordfish
20%
Macchi
20%
No matching quizzes found
Score Distribution
Percent of People with Each Score
Percentile by Number Answered
Your Score History
You have not taken this quiz since the last reset